00486nam a2200133Ia 4500008004100000020001800041050002400059245011300083250001200196260005000208300003400258500005100292521000900343140527s9999 xx 000 0 und d a9780273726104 aHD 2341b.En82 2012 aEnterprise and small business :bprinciples, practice and policy /cedited by Sara Carter, Dylan Jones-Evans a3rd ed. aHarlow, England :bFT Prentice Hall, cc2012. a545 p. :bcol. ill. ;c24 cm. aIncludes bibliographical references and index. aBSBA